Statistics for Philosophy of Law reads

Click here to take the quiz!

General Stats

  • This quiz has been taken 212 times
  • The average score is 7 of 25

Answer Stats

BookAuthor% Correct
Leviathan (1651)Thomas Hobbes
85%
Nicomachean Ethics (IV century BC)Aristotle
79%
The Social Contract (1762)Jean Jacques Rousseau
73%
Summa Theologica (1265-1274)St. Thomas Aquinas
64%
Metaphysical Elements of Justice (1797)Immanuel Kant
56%
A Theory of Justice (1971)John Rawls
48%
Elements of the Philosophy of Right (1820)Georg Wilhelm Friedrich Hegel
36%
The Concept of Law (1961)Herbert Lionel Adolphus Hart
33%
Taking Rights Seriously (1977)Ronald Dworkin
29%
Pure Theory of Law (1934)Hans Kelsen
20%
The Morality of Law (1964)Lon Luvois Fuller
17%
On the Law of War and Peace (1625)Hugo Grotius
16%
The Path of the Law (1897)Oliver Wendell Holmes, Jr.
16%
Natural Law and Natural Rights (1980)John Finnis
15%
The Economics of Justice (1981)Richard A. Posner
15%
The Province of Jurisprudence Determined (1832)John Austin
12%
Between Facts and Norms (1992)Jürgen Habermas
10%
Five Minutes of Legal Philosophy (1945)Gustav Radbruch
9%
A Theory of Legal Argumentation (1978)Robert Alexy
9%
Of the Vocation of Our Age for Legislation and Jurisprudence (1831)Friedrich Carl von Savigny
8%
Law as Fact (1939)Karl Olivecrona
8%
Legal Reasoning and Legal Theory (1978)Neil MacCormick
8%
The Struggle for Law (1872)Rudolf von Ihering
7%
The New Rhetoric: A Treatise on Argumentation (1958)Chaïm Perelman
6%
The Declaration of the Rights of Man and the Citizen (1895)Georg Jellinek
6%

Score Distribution

Percentile by Number Answered

Percent of People with Each Score

Your Score History

You have not taken this quiz